书目信息 |
| 题名: |
发展中国家大都市政府融资
|
|
| 作者: | 伯尔 , 林恩 , 韦特泽尔 编著 ;陶然 译 | |
| 分册: | ||
| 出版信息: | 北京 科学出版社 2013 |
|
| 页数: | 15,393页 | |
| 开本: | 24cm | |
| 丛书名: | 北大-林肯中心丛书 | |
| 单 册: | ||
| 中图分类: | F831.2 | |
| 科图分类: | ||
| 主题词: | 发展中国家--大城市--财政融资--研究 , 发展中国家 , 大城市 , 财政融资 | |
| 电子资源: | ||
| ISBN: | 978-7-03-037316-8 | |
| 000 | 01613nam0 2200337 450 | |
| 001 | 523 | |
| 005 | 20140909102958.84 | |
| 010 | @a978-7-03-037316-8@dCNY98.00 | |
| 100 | @a20130702d2013 em y0chiy50 ea | |
| 101 | 1 | @achi@ceng |
| 102 | @aCN@b110000 | |
| 105 | @ay z 000yy | |
| 106 | @ar | |
| 200 | 1 | @a发展中国家大都市政府融资@AFa Zhan Zhong Guo Jia Da Dou Shi Zheng Fu Rong Zi@dFinancing metropolitan governments in developing countries@f(美)Roy W. Bahl,(德)Johannes F. Linn,(美)Deborah L. Wetzel编著@F( Mei )Roy W. Bahl,( De )Johannes F. Linn,( Mei )Deborah L. Wetzel Bian Zhu@g陶然等译@zeng |
| 210 | @a北京@c科学出版社@d2013 | |
| 215 | @a15,393页@d24cm | |
| 225 | 2 | @a北大-林肯中心丛书 |
| 330 | @a本书对发展中国家大都市治理与融资的理论与实践进行了系统的梳理。关注发展中国家大都市治理与融资过程中最为重要的因素,讨论具体实践时的情况,探索实践与理论之间的差距,并最终给出一个可供参考的改革路径。具体涉及政府的组织结构、当地经济的特征、基础设施情况、贫民窟在城市中的集中程度、外部的融资选择,以及领导人能否灵活放权等内容。 | |
| 461 | 0 | @12001 @a北大-林肯中心丛书 |
| 510 | 1 | @aFinancing metropolitan governments in developing countries@zeng |
| 606 | 0 | @a发展中国家@x大城市@x财政融资@x研究 |
| 606 | 0 | @a发展中国家 |
| 606 | 0 | @a大城市 |
| 606 | 0 | @a财政融资 |
| 690 | @aF831.2@v5 | |
| 701 | 0 | @c(美)@a伯尔@ABo Er@c(Bahl, Roy W.)@4编著 |
| 701 | 0 | @c(德)@a林恩@ALin En@c(Linn, Johannes F.)@4编著 |
| 701 | 0 | @c(美)@a韦特泽尔@AWei Te Ze Er@c(Wetzel, Deborah L.)@4编著 |
| 702 | 0 | @a陶然@ATao Ran@f(1972~)@4译 |
| 801 | 0 | @aCN@bTANGWEI@c20140603 |
| 905 | @b0839680-82@dF831.2@e54@f3 | |
| 发展中国家大都市政府融资=Financing metropolitan governments in developing countries/(美)Roy W. Bahl,(德)Johannes F. Linn,(美)Deborah L. Wetzel编著/陶然等译.-北京:科学出版社,2013 |
| 15,393页;24cm.-(北大-林肯中心丛书) |
| ISBN 978-7-03-037316-8:CNY98.00 |
| 本书对发展中国家大都市治理与融资的理论与实践进行了系统的梳理。关注发展中国家大都市治理与融资过程中最为重要的因素,讨论具体实践时的情况,探索实践与理论之间的差距,并最终给出一个可供参考的改革路径。具体涉及政府的组织结构、当地经济的特征、基础设施情况、贫民窟在城市中的集中程度、外部的融资选择,以及领导人能否灵活放权等内容。 |
| ● |
| 相关链接 |
|
|
|
|
正题名:发展中国家大都市政府融资
索取号:F831.2/54
 
预约/预借
| 序号 | 登录号 | 条形码 | 馆藏地/架位号 | 状态 | 备注 |
| 1 | 0839680 | 208396804 | 第一样本阅览室/ [索取号:F831.2/54] | 在馆 | |
| 2 | 0839681 | 208396813 | 密集书库-海洋学院/ [索取号:F831.2/54] | 在馆 | |
| 3 | 0839682 | 208396822 | 第一借阅区/ [索取号:F831.2/54] | 在馆 |